| 000 | 00633nam a2200253Ia 4500 | ||
|---|---|---|---|
| 003 | OSt | ||
| 005 | 20221006142543.0 | ||
| 006 | a|||||r|||| 00| 0 | ||
| 007 | ta | ||
| 008 | 221006b |||||||| |||| 00| 0 eng d | ||
| 020 |
_c _4.95 |
||
| 024 | _a6,585 | ||
| 037 | _cTextual | ||
| 040 |
_aEASL _cEASL _beng |
||
| 041 |
_2eng _aeng |
||
| 082 | _aY:4:7.41wM,1, H4 | ||
| 100 | _aSmedley Agnes | ||
| 245 | 0 | _aBattle hymn of China | |
| 260 |
_aLondon _bVictor Gollancz _c1944 |
||
| 300 |
_a365p. _ccm. |
||
| 490 | _v CEL | ||
| 942 |
_hY:4:7.41wM,1, H4 _cTEXL _2CC |
||
| 999 |
_c1074671 _d1074671 |
||